000 00317nam a2200121Ia 4500
008 190216s9999||||xx |||||||||||||| ||und||
100 _a"Dyke S F,Floyed A J,&Amp;Sainsbury M"
245 0 _aOrganic Spectroscopy An Introduction]
260 _bPenguin Books
_c1971
300 _a272p
650 _aChemistry
942 _cBK
999 _c2405
_d2405